| 000 | 00872nam a2200301Ia 4500 | ||
|---|---|---|---|
| 008 | 171120s9999 xx 000 0 und d | ||
| 020 | _a9622582273 | ||
| 050 | _a959.9 | ||
| 050 | _bK191 1998 | ||
| 245 | _aLife in the colony / | ||
| 245 | _cby Maria Serena I. Diokno and Ramon N.Villegas. | ||
| 260 | _aPhilippines : | ||
| 260 | _bAsia Publishing Company Limited, | ||
| 260 | _c1998 | ||
| 300 | _a302 pages : | ||
| 300 | _bcolor illustrations ; | ||
| 300 | _c29cm. | ||
| 440 | _aKasaysayan : the story of the Filipino people ; | ||
| 440 | _v4 | ||
| 500 | _aIncludes bibliographic reference and index. | ||
| 650 | _aCivilization -- | ||
| 650 | _aPhilippines -- | ||
| 650 | _aPhilippines -- | ||
| 650 | _xCivilization -- Spanish influences. | ||
| 650 | _xHistory -- 1521-1812. | ||
| 650 | _xSpanish influences. | ||
| 700 | _aVillegas, Ramon N. | ||
| 999 |
_c345411 _d345411 |
||